000 00708nam a2200229 a 4500
001 000021130
005 20200930011236.0
008 100831s1973 sp r 000 u spa d
020 _a8420631361
040 _aDO-SdBNP
_bspa
_cBNPHU
082 _axxx
_bB769q
100 1 _aBourdin, Alain
_d1931-1989
_944183
240 1 0 _aMac Luhan.
_lEspañol
245 1 3 _aQué ha dicho verdaderamente Mac Luhan /
_cAlain Bourdin; traducción, Lourdes Ortiz.
260 _aMadrid :
_bDONCEL,
_c1973.
300 _a209 p. ;
_c18 cm.
500 _aIncluye cita al pie de páginas
500 _aIncluye lista de obras
534 _aTítulo original :
_tMac Luhan.
700 1 _aOrtiz, Lourdes
_etr.
_99130
049 _aBNGR
999 _c20632
_d20632